02070nam a2200301uu 4500001000800000005001700008008004100025020001800066035001200084035002100096040001300117041000800130082000800138100003300146245002900179260005200208300003500260505117000295650002901465650004001494650003801534700004201572700003601614700003001650700002901680700002901709700003001738111900120260507085555.0090113s2008 spa  a9788448161019 a1119001 a(OCoLC)777274744 ccomduadb aspa 4a15310aPalmero, Francisco4edteedt10aMotivación y emoción aBarcelona :bMcGraw-Hill Interamericana,c2008. a438 páginas :bilustraciones aCONTENIDO : Presentación. -- Capítulo 1: El proceso de motivación. -- Referencias bibliográficas. -- Capítulo 2: La emoción. -- Referencias bibliográficas. -- Capítulo 3: Las teorías de la motivación desde el ámbito de lo cognitivo y lo social. -- Referencias bibliográficas. -- Capítulo 4: Modelos teóricos en el estudio científico de la emoción. -- Referencias bibliográficas. -- Capítulo 5: Motivos básicos I. -- Referencias bibliográficas. -- Capítulo 6: Motivo básicos II. -- Referencias bibliográficas. -- Capítulo 7: Motivos sociales. -- Referencias bibliográficas. -- Capítulo 8: Emociones básicas. -- Referencias bibliográficas. -- Capítulo 9: Emociones sociales. -- Referencias bibliográficas. -- Capítulo 10: Motivación y sociedad. -- Referencias bibliográficas Capítulo 11: Emociones y salud. -- Referencias bibliográficas. -- Capítulo 12: El proceso de estrés. -- Referencias bibliográficas. -- Capítulo 13: Inteligencia emocional: definición, evaluación y aplicaciones desde el modelo de habilidades de Mayer y Salovey. -- Conclusiones. -- Referencias bibliográficas. aEmociones (Psicología) aEmociones - Aspectos psicológicos 7aMotivación (Psicología)2lemb10aMartinez Sanchez, Francisco4edteedt10aHuertas, Juan Antonio4auteaut10aRossello, Jaume4auteaut10aRevert, Xavier4auteaut10aLoizaga, Feliz4auteaut10aCalvete, Esther4auteaut